000 00705nam a2200241Ia 4500
005 20230504122110.0
008 131103s9999 xx 000 0 und d
020 _a816634181
_cRs 902
040 _aLoreto College
041 _aEnglish
082 _a828.809
_bWAL
100 _aWaldrep, Shelton
245 4 _aThe aesthetics of self invention
_b Oscar Wilde to David Bowie
_cshelton Waldrep
260 _aMinneapolis, MN
_bUniversity of Minnesota Press
_c2004
300 _axxi,203p
504 _aIncludes index
630 _aBowie, David
630 _aModernism (Literature)
650 _aPerforming Arts
651 _aWilde, Oscar, 1854-1900 - Aesthetics
850 _aLCLIB
942 _cBK
999 _c20356
_d70835